000 00464cam a22001931 4500
001 sa 64002516
003 DLC
005 20260227112010.0
008 070612q19501959pk 000 0 urd
010 _asa 64002516
040 _aDLC
_cDLC
_dDLC
050 0 0 _aPK2200.A7
_bF5
100 1 _aAslam, Muhammad,
_d1885-
245 1 0 _aFitnah-yi Tātār.
260 _c[195-?]
300 _a416 p.
_c18 cm.
500 _aIn Urdu.
500 _aText partially vocalized.
999 _c57346
_d57346